[Event "EU-ch Amateur Online 1400/1700"]
[Site "Tornelo INT"]
[Date "2021.04.17"]
[Round "4"]
[White "Babczynski, Zbigniew"]
[Black "Kouvaras, Andreas"]
[Result "0-1"]
[WhiteElo "1494"]
[BlackElo "1484"]
[PlyCount "32"]
[EventDate "2021.04.17"]
[EventType "swiss (rapid)"]
[EventRounds "8"]
[EventCountry "NET"]
[SourceTitle "EXT 2023"]
[Source "ChessBase"]
[SourceDate "2022.10.05"]
[SourceVersion "1"]
[SourceVersionDate "2022.10.05"]
[SourceQuality "1"]

1. d4 e5 2. dxe5 Nc6 3. Nf3 Qe7 4. Bf4 Qb4+ 5. Nc3 Qxf4 6. e3 Qb4 7. Rb1 Qe7 8. Nd5 Qd8 9. Bc4 Nge7 10. 0-0 Nxd5 11. Qxd5 Qe7 12. h4 Nd8 13. Ng5 c6 14. Qf3 h6 15. Ne4 Qxe5 16. Rbd1 d5 0-1

[Event "Ustron op-C"]
[Site "Ustron"]
[Date "2020.08.15"]
[Round "4"]
[White "Babczynski, Zbigniew"]
[Black "Celebias, Filip"]
[Result "0-1"]
[WhiteElo "1509"]
[BlackElo "1627"]
[PlyCount "37"]
[EventDate "2020.08.15"]
[EventType "swiss"]
[EventRounds "9"]
[EventCountry "POL"]
[SourceTitle "EXT 2021"]
[Source "ChessBase"]
[SourceDate "2020.10.23"]
[SourceVersion "1"]
[SourceVersionDate "2020.10.23"]
[SourceQuality "1"]

1. d4 Nf6 2. Nc3 e6 3. e4 Bb4 4. e5 Ne4 5. Qg4 Nxc3 6. Qxg7 Rf8 7. a3 Qh4 8. axb4 Qxd4 9. Bd3 Qxb4 10. Ne2 Nxe2+ 11. Kxe2 d6 12. b3 Nd7 13. f4 Nc5 14. Bc4 Qc3 15. Ra2 Bd7 16. Bb2 Qxc2+ 17. Kf3 Bc6+ 18. Ke3 0-0-0 19. b4 0-1

[Event "Krakow op"]
[Site "Krakow"]
[Date "2017.07.01"]
[Round "1"]
[White "Babczynski, Zbigniew"]
[Black "Klekowski, Maciej"]
[Result "0-1"]
[WhiteElo "1709"]
[BlackElo "2471"]
[PlyCount "86"]
[EventDate "2017.07.01"]
[EventType "swiss"]
[EventRounds "7"]
[EventCountry "POL"]
[SourceTitle "CBM 179 Extra"]
[Source "ChessBase"]
[SourceDate "2017.08.23"]
[SourceVersion "1"]
[SourceVersionDate "2017.08.23"]
[SourceQuality "1"]

1. e4 c5 2. Nf3 Nc6 3. Bb5 g6 4. c3 Nf6 5. d3 Bg7 6. h3 0-0 7. Be3 Qb6 8. Na3 a6 9. Bxc6 Qxc6 10. Qd2 Re8 11. Nc4 d5 12. Nce5 Qc7 13. exd5 Nxd5 14. d4 Nxe3 15. fxe3 Be6 16. Nd3 b6 17. e4 Rad8 18. d5 c4 19. Qf4 Qxf4 20. Nxf4 Bc8 21. Rd1 Bh6 22. g3 e5 23. dxe6 Rxd1+ 24. Kxd1 fxe6 25. e5 Rf8 26. Ke2 Bb7 27. Rf1 Bxf4 28. gxf4 Rxf4 29. Ng5 Rf5 30. Rxf5 exf5 31. Ke3 h6 32. Ne6 g5 33. h4 f4+ 34. Kf2 Bc8 35. Nd4 Kf7 36. Nf3 g4 37. Nd4 Kg6 38. e6 Kf6 39. Ne2 f3 40. Nf4 Bxe6 41. h5 Bf7 42. Kg3 Kg5 43. b3 f2 0-1